000 00523nam a2200169 i 4500
001 25185
003 ES-MaACL
005 20230906153216.0
007 t|
008 021220s1905 sp ||||1| spa d
100 1 _aArce, José de.
_922455
245 1 0 _aConcurso de máquinas aventadoras celebrado en la Moncloa en 1904 /
_cmemoria redactada por José de Arce.
260 _aMadrid :
_bHijos de G. M. Hernández,
_c1905.
300 _a206 p. ;
_c25 x 14 cm.
700 1 _aOtero, Julia.
_987893
852 _aES-MaACL
_jF-6449
999 _c25185
_d25185